An introduction to dirac operators on manifolds
Saved in:
| Main Author: | |
|---|---|
| Format: | Book |
| Language: | English |
| Published: |
Boston :
Birkhauser,
c2002
|
| Series: | Progress in mathematical physics ;
; 24 |
| Subjects: | |
| Tags: |
Add Tag
No Tags, Be the first to tag this record!
|
MARC
| LEADER | 00000nam a2200000 i 4500 | ||
|---|---|---|---|
| 001 | 1/44682 | ||
| 008 | 031110s2002 eng d | ||
| 020 | |a 0-8176-4298-6 | ||
| 035 | |l 10071591 | ||
| 040 | |a GR-MY-UA |b gre |e aacr | ||
| 041 | 0 | |a eng | |
| 082 | 0 | |a 512.57 | |
| 100 | 1 | |a Cnops, Jan. | |
| 245 | 1 | 3 | |a An introduction to dirac operators on manifolds / |c Jan Cnops |
| 260 | |a Boston : |b Birkhauser, |c c2002 | ||
| 300 | |a x, 211 p.; |c 24 cm. | ||
| 490 | 1 | |a Progress in mathematical physics |v ; 24 | |
| 504 | |a Includes bibliographical references and index | ||
| 650 | 0 | 0 | |a Clifford algebras. |
| 650 | 0 | 0 | |a Quantum theory. |
| 650 | 0 | 0 | |a Manifolds (Mathematics) |
| 650 | 0 | 0 | |a Mathematical physics. |
| 830 | 0 | |a Progress in mathematical physics ; |v ; 24 | |
| 852 | |a INST |b SAMOS |e 20031110 |h 512.57 CNO |p 005300023655 |q 005300023655 |t BK |y 0 | ||
| 901 | |a BIBL3-2003-3 | ||
| 909 | |a Σ |b 106804 | ||
| 922 | |a 3ΕΛΗ |b 200309 |c ΕΠΕΑΕΚ2/ΤΜΗΜΑ ΜΑΘΗΜΑΤΙΚΩΝ |d ΜΙΧΑΛΟΠΟΥΛΟΣ | ||
| 950 | |a 116-2003-09-07 | ||
| 970 | |a ΚΟΣΙΕΡΗΣ |b ΧΡΗΣΤΟΣ |z 2003/11/12 | ||